000 00974nam a2200289 i 4500
003 DO-SdBNP
005 20240717110932.0
007 ta
008 240717b1994 mx a|||| |||| 00| 0 spa d
020 _a9684308809
040 _aDO-SdBNP
_bspa
_cBNPHU
_erda
082 4 _222
245 0 0 _aDiccionario escolar de la lengua española /
_cMaría del Rosario Calderón, Joaquín Dacosta, Mercedes Esteban, Mercedes Rubio, Ana María Sánchez, Sequeiros, Manuel
264 _aMéxico :
_bSantillana,
_c1994
300 _a485 páginas :
_bilustraciones, mapas retratos ;
_c22 cm
336 _2rdacontent
_atexto
_btxt
337 _2rdamedia
_asin mediación
_bn
338 _2rdacarrier
_avolumen
_bnc
590 _aInventariado, 2024/BT
700 1 _4Dacosta, Joaquín
700 1 _aEsteban, Mercedes
_986105
700 1 _aRubio, Mercedes
_986106
700 1 _aSánchez, Ana María
_986107
700 1 _aSequeiros, Manuel
_986108
910 _aBtavárez
942 _2ddc
_cLBS1
999 _c57306
_d57306